<?xml version="1.0" encoding="UTF-8"?><?xml-stylesheet type="text/xsl" href="static/style.xsl"?><OAI-PMH xmlns="http://www.openarchives.org/OAI/2.0/" xmlns:xsi="http://www.w3.org/2001/XMLSchema-instance" xsi:schemaLocation="http://www.openarchives.org/OAI/2.0/ http://www.openarchives.org/OAI/2.0/OAI-PMH.xsd"><responseDate>2026-04-13T01:03:16Z</responseDate><request verb="GetRecord" identifier="oai:www.recercat.cat:2117/445562" metadataPrefix="marc">https://recercat.cat/oai/request</request><GetRecord><record><header><identifier>oai:recercat.cat:2117/445562</identifier><datestamp>2026-02-02T07:02:53Z</datestamp><setSpec>com_2072_1033</setSpec><setSpec>col_2072_452950</setSpec></header><metadata><record xmlns="http://www.loc.gov/MARC21/slim" xmlns:dcterms="http://purl.org/dc/terms/" xmlns:xsi="http://www.w3.org/2001/XMLSchema-instance" xmlns:doc="http://www.lyncode.com/xoai" xsi:schemaLocation="http://www.loc.gov/MARC21/slim http://www.loc.gov/standards/marcxml/schema/MARC21slim.xsd">
   <leader>00925njm 22002777a 4500</leader>
   <datafield ind2=" " ind1=" " tag="042">
      <subfield code="a">dc</subfield>
   </datafield>
   <datafield ind2=" " ind1=" " tag="720">
      <subfield code="a">Monsalves Cabello, Diego</subfield>
      <subfield code="e">author</subfield>
   </datafield>
   <datafield ind2=" " ind1=" " tag="720">
      <subfield code="a">Riquelme Csori, Fabian Rolando</subfield>
      <subfield code="e">author</subfield>
   </datafield>
   <datafield ind2=" " ind1=" " tag="720">
      <subfield code="a">Cornide Reyes, Héctor</subfield>
      <subfield code="e">author</subfield>
   </datafield>
   <datafield ind2=" " ind1=" " tag="260">
      <subfield code="c">2026-01</subfield>
   </datafield>
   <datafield ind2=" " ind1=" " tag="520">
      <subfield code="a">In the current digital era, analyzing the dynamics of interaction in groups presents challenges in fields such as education, the business sector, and healthcare. The lack of integrated tools that monitor and evaluate discursive and social interactions in real-time makes it difficult to understand the flow of collaboration, the formation of effective teams, or the monitoring of social cognitive processes. In this article, we present a framework designed to analyze speech interactions in group activities by combining Social Network Analysis (SNA) and Large Language Models (LLM). Naira enables the real-time capture, processing, and analysis of speech interaction data, providing tools to evaluate discursive effectiveness and collaborative dynamics. The framework’s components are detailed in its different stages, and application cases are explored in educational, business, and healthcare contexts. A proof of concept in an educational environment proves the versatility and potential of the proposal to improve the understanding and optimization of group processes. Integrating SNA and LLM offers a comprehensive perspective combining validated and interpretable techniques to analyze attribute and relational variables with advanced and current artificial intelligence techniques. The framework’s main innovation lies in its ability to fuse the quantitative structural analysis of SNA with the semantic and qualitative content analysis of LLMs, offering a novel perspective that overcomes the limitations of each technique in isolation.</subfield>
   </datafield>
   <datafield ind2=" " ind1=" " tag="520">
      <subfield code="a">This work was partially funded by Escuela de Ingeniería Informática, Universidad de Valparaíso, Chile, through the REXE grant No. 4054/2022. Diego Monsalves was partially funded by the National Doctoral Scholarship ANID Chile, exempt resolution 4402/2023. H. Cornide-Reyes has been supported by DIUDA (Dirección de Investigación de la Universidad de Atacama) Regular Project of the Universidad de Atacama, No. 22386.</subfield>
   </datafield>
   <datafield ind2=" " ind1=" " tag="520">
      <subfield code="a">Peer Reviewed</subfield>
   </datafield>
   <datafield ind2=" " ind1=" " tag="520">
      <subfield code="a">9 - Indústria, Innovació i Infraestructura</subfield>
   </datafield>
   <datafield ind2=" " ind1=" " tag="520">
      <subfield code="a">9.4 - Per a 2030, modernitzar les infraestructures i reconvertir les indústries perquè siguin sostenibles, usant els recursos amb més eficàcia i promovent l’adopció de tecnologies i processos industrials nets i racionals ambientalment, i aconseguint que tots els països adoptin mesures d’acord amb les capacitats respectives</subfield>
   </datafield>
   <datafield ind2=" " ind1=" " tag="520">
      <subfield code="a">9.5 - Augmentar la investigació científica i millorar la capacitat tecnològica dels sectors industrials de tots els països, en particular els països en desenvolupament, entre d’altres maneres fomentant la innovació i augmentant substancialment, d’aquí al 2030, el nombre de persones que treballen en el camp de la investigació i el desenvolupament per cada milió d’habitants, així com la despesa en investigació i desenvolupament dels sectors públic i privat</subfield>
   </datafield>
   <datafield ind2=" " ind1=" " tag="520">
      <subfield code="a">Postprint (author's final draft)</subfield>
   </datafield>
   <datafield tag="653" ind2=" " ind1=" ">
      <subfield code="a">Àrees temàtiques de la UPC::Informàtica::Intel·ligència artificial::Llenguatge natural</subfield>
   </datafield>
   <datafield tag="653" ind2=" " ind1=" ">
      <subfield code="a">Multimodal learning analytics</subfield>
   </datafield>
   <datafield tag="653" ind2=" " ind1=" ">
      <subfield code="a">Social networks analytics</subfield>
   </datafield>
   <datafield tag="653" ind2=" " ind1=" ">
      <subfield code="a">Data analytics</subfield>
   </datafield>
   <datafield tag="653" ind2=" " ind1=" ">
      <subfield code="a">Large language model</subfield>
   </datafield>
   <datafield tag="653" ind2=" " ind1=" ">
      <subfield code="a">Artificial intelligence</subfield>
   </datafield>
   <datafield ind2="0" ind1="0" tag="245">
      <subfield code="a">A real-time speech interaction analytics framework for group activities using SNA and LLM techniques</subfield>
   </datafield>
</record></metadata></record></GetRecord></OAI-PMH>